Research global (Record no. 80146)

MARC details
000 -LEADER
fixed length control field 01046nam a2200205 a 4500
008 - FIXED-LENGTH DATA ELEMENTS--GENERAL INFORMATION
fixed length control field 160218s2009 ||||||||||||||||| || u
050 ## - LIBRARY OF CONGRESS CALL NUMBER
Classification number ACU(05)RG/2009/22
110 ## - MAIN ENTRY--CORPORATE NAME
Corporate name or jurisdiction name as entry element The Global Research Management Network (GRMN)
245 10 - TITLE STATEMENT
Title Research global
Statement of responsibility, etc. by The Association of Commonwealth Universities (ACU)
246 ## -
-- Research Global: Magazine of the Global Research Management Network
260 ## - PUBLICATION, DISTRIBUTION, ETC.
Place of publication, distribution, etc. London:
Name of publisher, distributor, etc. ACU
Date of publication, distribution, etc. 2009
300 ## - PHYSICAL DESCRIPTION
Extent 31p.: ill.
350 ## -
-- 0.00
362 1# -
-- Issue. 22, Building capacity . Issue. 23, Structures for research management.
490 ## -
-- Magazine of the global research management network
650 #0 - SUBJECT ADDED ENTRY--TOPICAL TERM
Topical term or geographic name entry element MANAGEMENT--RESEARCH
710 ## - ADDED ENTRY--CORPORATE NAME
Corporate name or jurisdiction name as entry element Association of Commonwealth Universities [ACU]
995 ## -
-- SPECIAL COLLECTIONS
-- 03008174
-- CBU-MAIN LIBRARY (Kitwe)
-- 0.00
-- ACU(05)RG/2009/22
-- 1
-- AVAILABLE
-- Feb 18, 2016
-- 03008174
-- International Publications
995 ## -
-- SPECIAL COLLECTIONS
-- 03006587
-- CBU-MAIN LIBRARY (Kitwe)
-- 0.00
-- ACU(05)RG/2009/23
-- 2
-- AVAILABLE
-- Feb 18, 2016
-- 03006587
-- International Publications
999 ## -
-- 80146
-- 80146
Holdings
Withdrawn status Lost status Source of classification or shelving scheme Damaged status Not for loan Permanent Location Current Location Shelving location Date acquired Total Checkouts Full call number Barcode Date last seen Copy number Price effective from Koha item type
          CBU-MAIN LIBRARY, KITWE. CBU-MAIN LIBRARY, KITWE.   06/29/2023   ACU(05)RG/2009/22 03008174 06/29/2023 1 06/29/2023 SPECIAL COLLECTION
          CBU-MAIN LIBRARY, KITWE. CBU-MAIN LIBRARY, KITWE.   06/29/2023   ACU(05)RG/2009/23 03006587 06/29/2023 2 06/29/2023 SPECIAL COLLECTION